000 01821cam a22004814i 4500
003 PE-LiUPU
005 20250731172931.0
008 150623s r 000 0 d
020 _a8480050233
035 _a(Sirsi) i9788480050234
040 _aPE-LiUPU
_bspa
_cPE-LiUPU
_erda
049 _aPRUA
082 0 4 _a225.066
_bP59
_221
100 1 _aPiñero, Antonio,
_eautor.
245 1 3 _aEl nuevo testamento; introducción al estudio de los primeros escritos cristianos /
_cAntonio Piñero.
264 1 _aMadrid :
_bEdiciones el almendro de córdova,
_c1995.
300 _a569 páginas ;
_c24 centímetros
336 _atext
_2rdacontent
337 _aunmediated
_2rdamedia
338 _avolume
_2rdacarrier
490 0 _aOrígenes del cristianismo ;
_v8
504 _aIncluye bibliografía.
505 0 _aLa interpretación del nuevo testamento a lo largo de la historia. -El estudio del texto del nuevo testamento. -La lengua del nuevo testamento. -El contexto histórico-literario. -Métodos y aproximaciones al estudio del nuevo testamento. Diacronía y Sincronia.
526 _aSEG42
526 _aSEG41
526 _aSEG40
526 _aSEG39
526 _aP94
526 _aP87
526 _aP86
526 _aP85
526 _aP77
526 _aP76
526 _aP35
630 _aBiblia.
_pN.T.
_xCrítica, interpretación, etc.
700 1 _aPalaez, Jesús.
942 _2ddc
_cBOOK
949 _a225.066 P59
_wDEWEY
_c1
_i43928
_lCCODEBUL1
_mBUL
_r0
_sY
_tBOOK
_u2015-6-24
_xTEOLOGIA
_PP35
_0COMPRA
_o.STAFF. Colección General
994 _aC0
_bPEPRU
596 _a1
999 _a225.066 P59
_wDEWEY
_c20775
_i43928
_d20775
_f2021-11-9
_g5
_lCCODEBUL1
_mBUL
_q1
_r0
_sY
_tBOOK
_u2015-6-24
_xTEOLOGIA
_PP35
_0COMPRA
_o.STAFF. Colección General
980 _81
_gALBERTO SANCHEZ Responsable de Automatización